LEADER 01368nam0 2200301 450 001 000032158 005 20130321120636.0 010 $a88-222-3490-1$bVolume 2 100 $a20120327d--------km-y0itaa50------ba 101 0 $aita 102 $aIT 200 1 $aStudi leopardiani$fEmilio Peruzzi 210 $aFirenze$c<> Olschki 215 $a2 volumi$cill.$d21 cm 225 2 $aSaggi di Lettere italiane$v36 327 1 $aVol. 2.: Il canto di Simonide, Odi, Melisso Raffaele d'Urbino, Il supplemento generale, Agli amici suoi di Toscana. - 1987. - 205 p., [10] carte di tav. 410 0$12001$aSaggi di Lettere italiane$v36 559 1 $a<> canto di Simonide, Odi, Melisso Raffaele d'Urbino, Il supplemento generale, Agli amici suoi di Toscana 700 1$aPeruzzi,$bEmilio$0446041 801 0$aIT$bUniversità della Basilicata - B.I.A.$gRICA$2unimarc 912 $a000032158 996 $aStudi leopardiani$997934 997 $aUNIBAS BAS $aLETTERE CAT $aSTD077$b01$c20120327$lBAS01$h1306 CAT $aTTM$b30$c20130321$lBAS01$h1206 FMT Z30 -1$lBAS01$LBAS01$mBOOK$1BASA1$APolo Storico-Umanistico$2GEN$BCollezione generale$3FP/50258$650258$5L50258$820120327$e205, [10] carte di tav.$f02$FPrestabile Generale$hVol. 2.: Il canto di Simonide, Odi, Melisso Raffaele d'Urbino, Il supplemento generale, Agli amici suoi di Toscana LEADER 00930cam0-2200277 --450 001 9910319248003321 005 20190515123514.0 010 $a978-88-13-36584-4 100 $a20190515d2018----kmuy0itay5050 ba 101 0 $aita 102 $aIT 105 $a 001yy 200 1 $aCommentario breve allo Statuto del lavoro autonomo e del lavoro agile$fa cura di G. Zilio Grandi e M. Biasi 210 $aMilano$cWolters Kluwer$a[Padova]$cCEDAM$d2018 215 $aXXIII, 672 p.$d24 cm 610 0 $aLavoro agile [e] Lavoro autonomo$aLegislazione [:] Italia . Legge 2017 n. 81 676 $a344.45012$v23 702 1$aBiasi,$bMarco 702 1$aZilio Grandi,$bGaetano 801 0$aIT$bUNINA$gREICAT$2UNIMARC 901 $aBK 912 $a9910319248003321 952 $aVII Z 163$b2018/915$fFGBC 959 $aFGBC 996 $aCommentario breve allo statuto del lavoro autonomo e del lavoro agile$91513677 997 $aUNINA